000 00502nam a2200181 a 4500
001 000042780
005 20201002040407.0
008 140210s1979 sp a 000 0 spa d
020 _a847235427X
040 _aDO-SdBNP
_bspa
_cBNPHU
100 1 _aOrtiz, Lourdes
_99130
245 1 0 _aConocer Rimbaud y su Obra. /
_cLourdes Ortiz.
260 _aEspaña, :
_bDopesa,
_c1979.
300 _a125 p.
_ail. ;
_c19 cm.
490 1 _aDopesa
_v2
504 _aBibliografía p: 123-125
830 0 _aDopesa
_n2
_970122
999 _c42269
_d42269